000 00427nam a2200181Ia 4500
008 210210b1950 xxu||||| |||| 00| 0 eng d
041 _aeng
082 _a822/490
100 _aGOLDSMITH (Oliver)
245 _aSelected essays: Garnett Ed
260 _aLondon
_bRupert Hart-Davis.,
_c1950
650 _aSelected
650 _aGarnett
650 _aessays:
650 _aEd
690 _aEnglish Prose
906 _a012676
999 _c131486
_d131486